000 01080nam a22001817a 4500
003 OSt
005 20251121142506.0
008 251121b |||||||| |||| 00| 0 eng d
040 _cDCL
082 _a၂၉၄.၃၈၂၃၄
130 _aတိပိဋက။
_pသုတ္တန္တပိဋက။
_pအင်္ဂုတ္တရနိကာယ။
_tအင်္ဂုတ္ထိုရ်၊
_lအဋ္ဌကထာ၊
_sနိဿယ။
245 _aအင်္ဂုတ္တရအဋ္ဌကထာနိဿယ ၊
_nပဥ္စမတွဲ /
_cအသျှင်စာဂရမထေရ်။
264 _aမန္တလေး ၊
_bမန္တလေးတောင်ပိဋကတ်စာပုံနှိပ်တိုက်၊
_c၁၉၃၀။
300 _aဂ၊ ၄၄၇ စာမျက်နှာ ၊
_c၂၅ စင်တီ။
650 _aအင်္ဂုတ္တိုရ်
_vအဋ္ဌကထာနိဿယ။
700 _aစာဂရမထေရ်၊ အသျှင်
942 _2ddc
_cSHORT TERM
_n0
999 _c2573
_d2573